|
|
|
|
| LEADER |
00000nab a2200000 a 4500 |
| 001 |
vtls000921226 |
| 003 |
SK-MaSNL |
| 005 |
20260305031033.0 |
| 008 |
040720e19960000xo 0 slo |
| 035 |
|
|
|a KE30103
|
| 040 |
|
|
|a KEVKJB
|b slo
|c KEVKJB
|e AACR2
|
| 041 |
0 |
|
|a slo
|
| 044 |
|
|
|a xo
|c SK
|
| 080 |
|
|
|a 904(437.6)
|2 1981
|
| 080 |
|
|
|a 908(437.6)
|2 1981
|
| 080 |
|
|
|a 341.16
|2 1981
|
| 080 |
|
|
|a 061.1
|2 1981
|
| 100 |
1 |
|
|a Ferko, Vladimír,
|d 1925-2002
|4 aut
|9 113205
|
| 245 |
1 |
0 |
|a Štyri klenoty
|c Vladimír Ferko
|
| 610 |
2 |
7 |
|a UNESCO
|2 KEVKJB
|9 29699
|
| 610 |
2 |
7 |
|a Spišský hrad (Žehra, Slovensko)
|2 KEVKJB
|9 55722
|
| 650 |
0 |
7 |
|a prírodné krásy
|2 KEVKJB
|9 287668
|
| 650 |
0 |
7 |
|a kultúrne pamiatky
|2 KEVKJB
|9 2862
|
| 650 |
0 |
7 |
|a Zoznam svetového kultúrneho a prírodného dedičstva UNESCO
|2 KEVKJB
|9 899370
|
| 651 |
|
7 |
|a Vlkolínec (Ružomberok, Slovensko)
|2 KEVKJB
|9 173095
|
| 651 |
|
7 |
|a Banská Štiavnica (Slovensko)
|2 KEVKJB
|9 16373
|
| 651 |
|
7 |
|a Národný park Slovenský kras (Slovensko)
|2 KEVKJB
|9 73258
|
| 651 |
|
7 |
|a Spišská Nová Ves (Slovensko : okres)
|2 KEVKJB
|9 22259
|
| 651 |
|
7 |
|a Poprad (Slovensko : okres)
|2 KEVKJB
|9 28675
|
| 651 |
|
7 |
|a Rožňava (Slovensko : okres)
|2 KEVKJB
|9 19215
|
| 773 |
0 |
|
|t Roľnícke novinky
|g Roč. 6, č. 32 (1996), s. 16-17
|
| 852 |
|
|
|a ZVYKNI
|b KIS3GCP
|
| 999 |
|
|
|c 3314321
|d 3316251
|